000 00402cam a2200169ua 4500
020 _c6.00
041 _ahin
_h
082 _a891.43
_bGID/DA
100 _aGideversigh, Mahir .
245 _aDas thasveer /
_cMahir Gideversigh.
_hTextual Documents
260 _aDelhi :
_bRajkamal Prakash ,
_c1985.
300 _a287 ; .
365 _a6.00
504 _a
942 _cBK
999 _c3663
_d3663